NON SI UCCIDONO COSI' ANCHE I CAVALLI? (Record n. 105467)
[ formato base ]
| 000 -LEADER | |
|---|---|
| fixed length control field | 02563agaaa2200337 4500 |
| 001 - CONTROL NUMBER | |
| control field | 1586 |
| 003 - CONTROL NUMBER IDENTIFIER | |
| control field | IT-RoPAU |
| 005 - DATE AND TIME OF LATEST TRANSACTION | |
| control field | 20220918181233.0 |
| 007 - PHYSICAL DESCRIPTION FIXED FIELD--GENERAL INFORMATION | |
| fixed length control field | d cvaizq |
| 008 - FIXED-LENGTH DATA ELEMENTS--GENERAL INFORMATION | |
| fixed length control field | 50131s9999||||xx ||| | || ||und|| |
| 040 ## - CATALOGING SOURCE | |
| Original cataloging agency | IT-RoPAU |
| Transcribing agency | IT-RoPAU |
| 041 ## - LANGUAGE CODE | |
| Language code of text/sound track or separate title | ITALIANO |
| 100 ## - MAIN ENTRY--PERSONAL NAME | |
| Personal name | Pollack Sydney |
| Miscellaneous information | Codice regista SPICS: 1628 |
| 9 (RLIN) | 41573 |
| 130 ## - MAIN ENTRY--UNIFORM TITLE | |
| Uniform title | NON SI UCCIDONO COSI' ANCHE I CAVALLI? |
| 9 (RLIN) | 41574 |
| 240 ## - UNIFORM TITLE | |
| Uniform title | THEY SHOOT HORSES, DON'T THEY? |
| Miscellaneous information | T1716 |
| 245 ## - TITLE STATEMENT | |
| Title | NON SI UCCIDONO COSI' ANCHE I CAVALLI? |
| Statement of responsibility, etc. | Prodotto da: Winkler Chartoff -- Sceneggiatura: Poe James Thompson Robert E. -- Diretto da: Pollack Sydney |
| Name of part/section of a work | NON SI UCCIDONO COSI' ANCHE I CAVALLI? (Rif. Codice opera principale : 21586) |
| 246 ## - VARYING FORM OF TITLE | |
| Title proper/short title | THEY SHOOT HORSES, DON'T THEY? |
| 250 ## - EDITION STATEMENT | |
| Edition statement | Edizione Standard |
| 260 ## - PUBLICATION, DISTRIBUTION, ETC. (IMPRINT) | |
| Place of publication, distribution, etc. | (USA) |
| Name of publisher, distributor, etc. | CHARTOFF ROBERT - WINKLER IRWIN / Distribuzione: RAI |
| Date of manufacture | "1969 (1° ed.: 1982 ; Ed. Lingua Orig.: 1969)" |
| 300 ## - PHYSICAL DESCRIPTION | |
| Extent | VHS |
| Other physical details | sonoro, col. |
| Dimensions | 119 minuti |
| 508 ## - CREATION/PRODUCTION CREDITS NOTE | |
| Creation/production credits note | "Fotografia: Lathrop Philip H.; Montaggio: Steinkamp Fredric; Musica: Green John; Sceneggiatura: Poe James Thompson Robert E.; Scenografia: Horner Harry; " |
| 511 ## - PARTICIPANT OR PERFORMER NOTE | |
| Participant or performer note | "Fonda Jane; Sarrazin Michael; York Susannah; Young Gig; Bedella Bonnie; Conrad M." |
| 520 ## - SUMMARY, ETC. | |
| Summary, etc. | NEGLI STATI UNITI DURANTE LA GRANDE DEPRESSIONE SEGUITA ALLA CRISI DEL 1929 SONO MOLTO IN VOGA LE MARATONE DI BALLO SFIBRANTI GARE CHE VEDONO POVERE COPPIE DI DISPERATI IMPEGNATI A DANZARE PER GIORNI E GIORNI A CACCIA DI UN COSPICUO PREMIO DI DOLLARI A UNO DI QUESTI CRUDELI SPETTACOLI ORGANIZZATI DA IMPRESARI SENZA SCRUPOLI E CHE SI SVOLGONO DI FRONTE AD UN PUBBLICO AVIDODI SENSAZIONI MALSANE PARTECIPANO TRA GLI ALTRI UNA ASPIRANTE ATTRICE CHE SPERA VINCENDO DI OTTENERE UN CONTRATTO CINEMATOGRAFICO E FINISCE, INVECE, PER DIVENTARE PAZZA UN MARINAIO AVANTI NEGLI ANNI CHE SI PRODIGA FINO A CROLLARE COME MORTO UNA GIOVANE DONNA INCINTA ACCOMPAGNATA DAL MARITO E INFINEUNA RAGAZZA GLORIA SEGNATA DALLA DISPERAZIONE E PER LA QUALE VINCERE SEMBRA DAVVERO UNA QUESTIONE VITALE QUANDO SI RENDE CONTO PERO' CHE NEMMENO LA VITTORIA POTRA' CAMBIARE LA SUA ESISTENZA GLORIA INDUCE IL SUO COMPAGNO DI BALLO ROBERTO A UCCIDERLA CON UN COLPO DI PISTOLA FILM A COLORI |
| 538 ## - SYSTEM DETAILS NOTE | |
| System details note | PAL, STEREO |
| 546 ## - LANGUAGE NOTE | |
| Language note | ITALIANO |
| 650 ## - SUBJECT ADDED ENTRY--TOPICAL TERM | |
| Topical term or geographic name as entry element | DRAMMATICO |
| Relator term | FILMS [VHS] |
| General subdivision | Codice MATERIA SPICS: 9960 |
| 9 (RLIN) | 34083 |
| 700 ## - ADDED ENTRY--PERSONAL NAME | |
| Personal name | Green John |
| Relator term | (musica) |
| Miscellaneous information | Codice Musica SPICS: 29755 |
| 9 (RLIN) | 41575 |
| 700 ## - ADDED ENTRY--PERSONAL NAME | |
| Personal name | Mc Coy Horace |
| Relator term | (soggetto) |
| Miscellaneous information | Codice Soggetto SPICS: 29757 |
| 9 (RLIN) | 41576 |
| 700 ## - ADDED ENTRY--PERSONAL NAME | |
| Personal name | Pollack Sydney |
| Relator term | (regista) |
| Miscellaneous information | Codice regista SPICS: 1628 |
| 9 (RLIN) | 41577 |
| 942 ## - ADDED ENTRY ELEMENTS (KOHA) | |
| Koha item type | VHS - VIDEO |
| Source of classification or shelving scheme | Dewey Decimal Classification |
| Withdrawn status | Lost status | Damaged status | Not for loan | Home library | Current library | Date acquired | Total Checkouts | Full call number | Date last seen | Price effective from | Koha item type | Public note |
|---|---|---|---|---|---|---|---|---|---|---|---|---|
| Buone Condizioni | Not For Loan | SPICS-MEDIATECA | SPICS-MEDIATECA | 31/01/2015 | 21586 | 31/01/2015 | 31/01/2015 | VHS - VIDEO | Progr. Ins.: 1382 / N.Vol.:1 / Copie: 1 / Pag.: / Copia rara: n.d. / date import: 1.2.2015 / By Epidotti, Trombetti, Vaglietti |